000 00814nam a2200241 a 4500
005 20230705063555.0
008 070821s2001 es r 000 0 spa d
020 _a8470438700
035 _aUPN01000151063
049 _aCG
050 4 _aLB1026
_bS3.3 2001
100 1 _aSevillano García, María Luisa
_930009
245 1 0 _aEnseñar y aprender con la prensa :
_bfichas y modelos de trabajo /
_cMa. Luisa Sevillano, Donaciano Bartolomé.
250 _a4a ed.
260 _aMadrid :
_bCCS,
_c2001.
300 _a208 p.
_bil.
440 0 _aMateriales para educadores ;
_v17
650 4 _aEducación
_xMétodos experimentales
_95868
650 4 _aMedios masivos de comunicación en la educación
_94936
650 4 _aPERIODISMO Y EDUCACION
_915707
700 1 _aBartolomé, Donaciano,
_ecoaut.
905 _aLibro
999 _c123203
_d123203